000
00247nam a2200109Ia 4500
008
190216s9999||||xx |||||||||||||| ||und||
100
_a
Christian Crumlish
245
0
_a
Internet Dictionary
260
_b
Bpb Pub
_c
1998
300
_a
226p
942
_c
BK
999
_c
8538
_d
8538